[Event "IECC M email"]
[Site "IECC email"]
[Date "1998.11.26"]
[Round "?"]
[White "Kuyumcuoglu, Arman"]
[Black "Ksiazek, Rafal"]
[Result "1-0"]
[WhiteElo "1366"]
[BlackElo "1400"]
[PlyCount "41"]
[EventDate "1998.??.??"]
[EventType "tourn (corr)"]
[EventRounds "12"]
[SourceTitle "Corr 2008"]
[Source "ChessBase"]
[SourceDate "2008.06.24"]
[SourceVersion "1"]
[SourceVersionDate "2008.06.24"]
[SourceQuality "1"]

1. e4 e5 2. d4 Nf6 3. Nf3 exd4 4. e5 Ng4 5. h3 Nxf2 6. Kxf2 Nc6 7. Bg5 Be7 8. Bxe7 Qxe7 9. Bc4 0-0 10. Re1 Qc5 11. Qd3 Nb4 12. Qxd4 Qxd4+ 13. Nxd4 c5 14. a3 b6 15. axb4 cxd4 16. Bd5 Rb8 17. Rxa7 Kh8 18. Nd2 f6 19. Nf3 fxe5 20. Ra8 d6 21. Rxb8 1-0